000 00213nam a2200097Ia 4500
008 190216s9999||||xx |||||||||||||| ||und||
100 _aMasteerton W L
245 0 _aChemical Principles
260 _bNull
942 _cBK
999 _c2734
_d2734